| 000 | 00432cam a2200169ua 4500 | ||
|---|---|---|---|
| 020 | _c2.00 | ||
| 041 |
_ahin _h |
||
| 082 |
_a891.54 _bKAK/BA |
||
| 100 | _aKakkasahab, Kalalkkan . | ||
| 245 |
_aBabhuki Ettukkiyam / _cKakkasahab Kalalkkan. _hTextual Documents |
||
| 260 |
_aAhamadabad : _bNavjeevan prakashan mandir , _c1886. |
||
| 300 | _a236 ; . | ||
| 365 | _a2.00 | ||
| 504 | _a | ||
| 942 | _cBK | ||
| 999 |
_c11726 _d11726 |
||